What's it all about? / (Record no. 9169)

MARC details
000 -LEADER
fixed length control field 00578nam a22002057a 4500
003 - CONTROL NUMBER IDENTIFIER
control field GBCCL
005 - DATE AND TIME OF LATEST TRANSACTION
control field 20241126110706.0
008 - FIXED-LENGTH DATA ELEMENTS--GENERAL INFORMATION
fixed length control field 220419b ||||| |||| 00| 0 eng d
020 ## - INTERNATIONAL STANDARD BOOK NUMBER
International Standard Book Number 0908015046
020 ## - INTERNATIONAL STANDARD BOOK NUMBER
International Standard Book Number 9780908015047
040 ## - CATALOGING SOURCE
Transcribing agency GBC
082 ## - DEWEY DECIMAL CLASSIFICATION NUMBER
Classification number 220.07
Item number DEV
100 ## - MAIN ENTRY--PERSONAL NAME
Personal name De Vries,John F.
9 (RLIN) 8966
245 ## - TITLE STATEMENT
Title What's it all about? /
Statement of responsibility, etc. by John F. de Vries
260 ## - PUBLICATION, DISTRIBUTION, ETC.
Place of publication, distribution, etc. South Holland :
Name of publisher, distributor, etc. World Home Bible League,
Date of publication, distribution, etc. 1969
300 ## - PHYSICAL DESCRIPTION
Extent 52 pages :
Other physical details illustrations ;
Dimensions 21 cm.
440 ## - SERIES STATEMENT/ADDED ENTRY--TITLE
Title Bible's answer, section 1.
9 (RLIN) 15979
650 ## - SUBJECT ADDED ENTRY--TOPICAL TERM
Topical term or geographic name entry element Bible.
9 (RLIN) 5
942 ## - ADDED ENTRY ELEMENTS (KOHA)
Source of classification or shelving scheme Dewey Decimal Classification
Koha item type Books
Holdings
Withdrawn status Lost status Source of classification or shelving scheme Damaged status Not for loan Home library Current Library Shelving location Date acquired Total checkouts Full call number Barcode Date last seen Copy number Price effective from Koha item type
    Dewey Decimal Classification     GRACE BIBLE COLLEGE GRACE BIBLE COLLEGE Biblical Studies 2022-04-19   220.07 DEV 005747 2025-05-01 c.1 2022-04-19 Books
© Grace Bible College Library 2025